Statistics for Stressed Out - ​Twenty Øne Piløts - All Lyrics

Click here to take the quiz!

General Stats

  • This quiz has been taken 136 times
  • The average score is 421 of 525

Answer Stats

Answer% Correct
I
98%
to
97%
Wish
97%
wish
97%
a
96%
We
95%
we
95%
(Out
94%
Out
94%
out)
94%
out
94%
the
94%
time
94%
back
93%
could
93%
My-my-my
93%
no
93%
old
93%
stressed
93%
When
93%
when
93%
now
91%
But
90%
but
90%
days
90%
my
90%
My
90%
you
90%
good
89%
momma
89%
turn
89%
us
87%
We're
87%
we're
87%
where
87%
our
86%
then
85%
an
84%
sleep,
84%
and
83%
be
82%
think
82%
Blurryface
81%
make
81%
would
81%
care
80%
sang
80%
what
80%
in
79%
up,
79%
was
79%
money!"
77%
money
77%
names
77%
name's
77%
need
77%
used
77%
Used
77%
away
76%
have
76%
I'm
76%
better
74%
it
74%
it,
74%
that
74%
"Wake
74%
wake
74%
didn't
73%
fly
73%
one
73%
some
73%
ever
72%
far
72%
rocket
72%
all
71%
face
71%
ship
71%
build
70%
dream
69%
found
69%
had
69%
is
69%
play
69%
yeah
69%
every
68%
me
68%
new
67%
of
67%
Sayin',
67%
different
66%
get
66%
if
66%
it's
66%
at
65%
from
65%
from?
65%
heard
65%
never
65%
pretend,
65%
voice
65%
young
65%
I’d
64%
I'd
64%
insecure,
64%
people
64%
take
64%
we'd
64%
brother,
63%
older,
63%
one's
62%
order
62%
rhyme
62%
'cause
61%
each
61%
laughin'
61%
told,
61%
chords
60%
only
60%
other
60%
same
60%
Same
60%
space,
60%
will
60%
words
60%
give
59%
sounds
59%
candle
57%
nose
57%
sell
57%
shrink
56%
they're
56%
probably
55%
come
54%
comin'
54%
How
54%
smell
53%
clothes,
52%
fears
52%
certain
51%
latter
51%
outer
51%
Sometimes
51%
identify
50%
really
49%
Try
49%
able
48%
nothing
48%
remind
47%
treehouse
47%
It’d
45%
loans
44%
mattered
44%
student
44%
roam
43%
homegrown,
39%
homes,
35%
creek
34%
stone's
31%
throw
31%

Score Distribution

Percentile by Number Answered

Percent of People with Each Score

Your Score History

You have not taken this quiz